00888nam a2200289Ia 4500001000500000005001700005007000300022008004100025020001900066040002500085041000800110082002500118100001800143245007600161250001400237260004100251300001900292365001400311504001000325653002200335653002200357653002500379653002500404942001200429952014200441999001500583761320240113234025.0ta050709s1987 g b000 u eng u cRs. 96.00 (HB) aCotton College,Assam aeng a320.954051bMu 96 In aMurty, T.S. . 0aIndia China Boundary: India`s Options /cT.S. Murty.hTextual Documents a1st ed. / aNew Delhi :bAbc Pub. House ,c1987. a143p. ;c22cm. aRs. 96.00 aIndex aPolitical Science aPolitical Science aIndia China Boundary aPG-Political Science 2ddccBK 001040708Circulation (PG)aSKBLbSKBLd2012-02-01f00000g96.00l0o320.954051 Mu 96 Inp84155r2024-01-13 00:00:00t1w2012-02-01yBK c7600d7600